[Event "IX Campeonato Panamericano Sub 20 Femenino"]
[Site "Asuncion _ Diario Abc Color, Yegros 745"]
[Date "2014.06.26"]
[Round "7"]
[Board "6"]
[White "Avalos, Rosana"]
[Black "Cuello, Camila"]
[Result "1/2-1/2"]
[WhiteElo "1514"]
[BlackElo "1677"]
[PlyCount "97"]
[EventDate "2014.06.21"]
[EventRounds "9"]
[EventCountry "PAR"]

1. e4 e5 2. Nf3 Nc6 3. Bc4 Nf6 4. O-O Be7 5. Re1 O-O 6. Nc3 Bc5 7. a3 Ng4 8.
Rf1 d6 9. Na4 Bxf2+ 10. Rxf2 Nxf2 11. Kxf2 Be6 12. Be2 Nd4 13. Nc3 f5 14. d3
Nxf3 15. Bxf3 Qh4+ 16. Kg1 f4 17. Bd2 Rf7 18. Be1 Qg5 19. Nb1 Qh6 20. Nd2 g5
21. Bg4 Rg7 22. c3 d5 23. Bxe6+ Qxe6 24. Qb3 c6 25. exd5 cxd5 26. c4 Rd8 27.
Rc1 dxc4 28. Qxc4 Qxc4 29. Nxc4 Rc7 30. Bc3 Rxd3 31. Nxe5 Re3 32. Ng4 Re6 33.
Rd1 h5 34. Rd8+ Kf7 35. Ne5+ Ke7 36. Rd5 Ke8 37. Nf3 g4 38. Nh4 g3 39. Nf3 h4
40. h3 Rd7 41. Rxd7 Kxd7 42. Nxh4 Rd6 43. Kf1 Ke6 44. Nf3 Rd5 45. Ke2 b6 46.
Nd4+ Ke5 47. Nf3+ Kf5 48. Nd4+ Ke5 49. Nf3+  1/2-1/2

[Event "IX Campeonato Panamericano Sub 20 Femenino"]
[Site "Asuncion _ Diario Abc Color, Yegros 745"]
[Date "2014.06.26"]
[Round "7"]
[Board "7"]
[White "Bohorquez Canizares, Maria"]
[Black "Perez, Dalila"]
[Result "1/2-1/2"]
[WhiteElo "1656"]
[BlackElo "1817"]
[PlyCount "64"]
[EventDate "2014.06.21"]
[EventRounds "9"]
[EventCountry "PAR"]

1. e4 e6 2. d4 d5 3. exd5 exd5 4. c4 Nf6 5. Nf3 c6 6. Nc3 Be6 7. cxd5 Nxd5 8.
Bd3 Be7 9. O-O Nd7 10. Qc2 Nb4 11. Qb1 Nxd3 12. Qxd3 Bf6 13. Ne4 h6 14. Nd6+
Kf8 15. Nxb7 Qb6 16. Nd6 c5 17. Ne4 Bxd4 18. Nxd4 cxd4 19. Rd1 Re8 20. Qxd4
Qxd4 21. Rxd4 Bf5 22. f3 Bxe4 23. Rxe4 Rxe4 24. fxe4 Nf6 25. Be3 Nxe4 26. Rc1
Ke7 27. Bxa7 Ra8 28. Rc7+ Ke6 29. Kf1 Nd6 30. Bc5 Rxa2 31. Rc6 Kd5 32. Rxd6+
Kxc5  1/2-1/2

[Event "IX Campeonato Panamericano Sub 20 Femenino"]
[Site "Asuncion _ Diario Abc Color, Yegros 745"]
[Date "2014.06.27"]
[Round "8"]
[Board "1"]
[White "Chumpitaz, Ann"]
[Black "Monroy G., Nataly A."]
[Result "1-0"]
[WhiteElo "2192"]
[BlackElo "1812"]
[PlyCount "54"]
[EventDate "2014.06.21"]
[EventRounds "9"]
[EventCountry "PAR"]

1. d4 Nf6 2. c4 g6 3. Nc3 Bg7 4. e4 d6 5. Be2 O-O 6. Bg5 Nbd7 7. Qd2 c5 8. d5
a6 9. Nf3 Rb8 10. a4 b6 11. h3 Qc7 12. Bh6 Bb7 13. O-O Rbd8 14. Nh4 e5 15. Rad1
Bc8 16. Qg5 Ne8 17. Bxg7 Nxg7 18. Rd3 f5 19. exf5 Nxf5 20. Nxg6 hxg6 21. Qxg6+
Ng7 22. Ne4 Rf7 23. Bh5 Nf8 24. Qxf7+ Qxf7 25. Bxf7+ Kxf7 26. f4 exf4 27. Rxf4+
Kg8  1-0

[Event "IX Campeonato Panamericano Sub 20 Femenino"]
[Site "Asuncion _ Diario Abc Color, Yegros 745"]
[Date "2014.06.27"]
[Round "8"]
[Board "2"]
[White "Jorquera Cabello, Valentina"]
[Black "Caballero Quijano, Mitzy Mishe"]
[Result "1/2-1/2"]
[WhiteElo "1976"]
[BlackElo "1941"]
[PlyCount "78"]
[EventDate "2014.06.21"]
[EventRounds "9"]
[EventCountry "PAR"]

1. Nf3 d6 2. d4 g6 3. c4 Bg7 4. g3 Nd7 5. Bg2 e5 6. e4 Ne7 7. Nc3 O-O 8. O-O
exd4 9. Nxd4 Nc6 10. Be3 Nde5 11. Nxc6 bxc6 12. Bd4 c5 13. Bxe5 Bxe5 14. Rc1
Rb8 15. b3 Re8 16. h3 Bb7 17. Nd5 Bd4 18. Kh2 c6 19. Nf4 Qf6 20. Qd3 Rbd8 21.
Rcd1 h5 22. Qf3 Qg7 23. Rd3 Re5 24. Qd1 Qf6 25. b4 Ba6 26. Qc2 g5 27. Ne2 d5
28. Rf3 Qg6 29. Nxd4 cxd4 30. Rf5 Rxf5 31. exf5 Qf6 32. b5 cxb5 33. cxd5 d3 34.
Qd2 Qxf5 35. Rd1 Bb7 36. Qxd3 Qxd3 37. Rxd3 Kg7 38. f4 gxf4 39. gxf4 h4  1/2-1/2

[Event "IX Campeonato Panamericano Sub 20 Femenino"]
[Site "Asuncion _ Diario Abc Color, Yegros 745"]
[Date "2014.06.27"]
[Round "8"]
[Board "3"]
[White "Garcia Morales, Ivette Ale"]
[Black "Garcia Contreras, Ana"]
[Result "1/2-1/2"]
[WhiteElo "2108"]
[BlackElo "1921"]
[PlyCount "49"]
[EventDate "2014.06.21"]
[EventRounds "9"]
[EventCountry "PAR"]

1. d4 Nf6 2. c4 g6 3. g3 Bg7 4. Bg2 O-O 5. Nc3 d6 6. Nf3 Nbd7 7. O-O e5 8. e4
c6 9. h3 Qa5 10. dxe5 Nxe5 11. Nxe5 dxe5 12. Qc2 Be6 13. Nd1 Rfd8 14. a3 Rd4
15. b3 b5 16. Be3 Rd7 17. Nc3 Qc7 18. Rfc1 Rb8 19. Bf1 a6 20. Kh2 Nh5 21. f3 f5
22. cxb5 cxb5 23. Qe2 Qb7 24. Rab1 Nf4 25. Bg2  1/2-1/2

[Event "IX Campeonato Panamericano Sub 20 Femenino"]
[Site "Asuncion _ Diario Abc Color, Yegros 745"]
[Date "2014.06.27"]
[Round "8"]
[Board "4"]
[White "Cuello, Camila"]
[Black "Eswaran, Ashritha"]
[Result "0-1"]
[WhiteElo "1677"]
[BlackElo "2011"]
[PlyCount "70"]
[EventDate "2014.06.21"]
[EventRounds "9"]
[EventCountry "PAR"]

1. e4 c5 2. Nf3 d6 3. d4 cxd4 4. Nxd4 Nf6 5. Nc3 g6 6. Be3 Bg7 7. f3 Nc6 8. Qd2
O-O 9. O-O-O d5 10. exd5 Nxd5 11. Nxc6 bxc6 12. Bd4 Bxd4 13. Qxd4 Qb6 14. Na4
Qc7 15. h4 h5 16. Nc5 Rb8 17. Bc4 e5 18. Qd2 Qb6 19. Na4 Qb4 20. Qxb4 Rxb4 21.
Bb3 Bf5 22. Rhe1 Re8 23. c3 Rxh4 24. Bxd5 cxd5 25. Nc5 Rh2 26. Re2 Rd8 27. Nb7
Rd7 28. Nc5 Rd6 29. Nb7 Rb6 30. Nd8 e4 31. Rxd5 exf3 32. Re8+ Kg7 33. Rd2 Rh1+
34. Rd1 Rxd1+ 35. Kxd1 f2  0-1

[Event "IX Campeonato Panamericano Sub 20 Femenino"]
[Site "Asuncion _ Diario Abc Color, Yegros 745"]
[Date "2014.06.27"]
[Round "8"]
[Board "5"]
[White "Perez, Dalila"]
[Black "Vazquez Maccarini, Danitza"]
[Result "1/2-1/2"]
[WhiteElo "1817"]
[BlackElo "1948"]
[PlyCount "72"]
[EventDate "2014.06.21"]
[EventRounds "9"]
[EventCountry "PAR"]

1. d4 Nf6 2. c4 e6 3. Nc3 Bb4 4. a3 Bxc3+ 5. bxc3 c5 6. Nf3 d6 7. e3 Nc6 8. Bd3
O-O 9. O-O b6 10. e4 h6 11. Qe2 e5 12. Be3 exd4 13. cxd4 Bg4 14. dxc5 dxc5 15.
Rad1 Qc7 16. h3 Bh5 17. Qb2 Bxf3 18. gxf3 Ne5 19. Be2 Rfe8 20. f4 Ng6 21. e5
Nh7 22. Rd6 Qe7 23. Bg4 Nhf8 24. Qd2 Rad8 25. Rd1 Rxd6 26. Qxd6 Qh4 27. Qc6 Rd8
28. Rxd8 Qxd8 29. Qd6 Qe8 30. Qd5 Ne6 31. Bxe6 Qxe6 32. Qa8+ Kh7 33. Qxa7 Qxh3
34. Qxb6 Qg4+ 35. Kf1 Qd1+ 36. Kg2 Qg4+  1/2-1/2

[Event "IX Campeonato Panamericano Sub 20 Femenino"]
[Site "Asuncion _ Diario Abc Color, Yegros 745"]
[Date "2014.06.27"]
[Round "8"]
[Board "6"]
[White "Prado, Alexandra"]
[Black "Bohorquez Canizares, Maria"]
[Result "1-0"]
[WhiteElo "1830"]
[BlackElo "1656"]
[PlyCount "67"]
[EventDate "2014.06.21"]
[EventRounds "9"]
[EventCountry "PAR"]

1. d4 Nf6 2. c4 d6 3. Nc3 Nbd7 4. e4 c6 5. Nf3 e5 6. Be2 Be7 7. O-O O-O 8. h3
Re8 9. Qc2 Bf8 10. d5 cxd5 11. cxd5 a6 12. a4 b6 13. Be3 Bb7 14. Rfc1 Rc8 15.
Nd2 Qc7 16. Qb3 Nc5 17. Bxc5 bxc5 18. a5 Rb8 19. Qc2 Bc8 20. Nc4 Re7 21. Nb6
Qd8 22. Nca4 Bb7 23. Bd3 Nd7 24. Qe2 Bc8 25. Bxa6 Nxb6 26. Nxb6 Bb7 27. Bb5 Ba8
28. Qc4 Ra7 29. b4 cxb4 30. Qxb4 Rxb6 31. axb6 Qxb6 32. Rxa7 Qxa7 33. Rc8 Bb7
34. Rxf8+  1-0

[Event "IX Campeonato Panamericano Sub 20 Femenino"]
[Site "Asuncion _ Diario Abc Color, Yegros 745"]
[Date "2014.06.27"]
[Round "8"]
[Board "7"]
[White "Avalos, Rosana"]
[Black "Felix Vega, Aurora Edith"]
[Result "0-1"]
[WhiteElo "1514"]
[BlackElo "1990"]
[PlyCount "72"]
[EventDate "2014.06.21"]
[EventRounds "9"]
[EventCountry "PAR"]

1. e4 c5 2. Nf3 e6 3. d4 cxd4 4. Nxd4 a6 5. Nc3 b5 6. Be3 Bb7 7. Bd3 Nf6 8. O-O
b4 9. Nce2 Nxe4 10. Nb3 Qc7 11. Rc1 Nf6 12. c4 bxc3 13. Rxc3 Nc6 14. Nc5 Nd5
15. Rc1 Nxe3 16. fxe3 Qb6 17. Nxb7 Qxb7 18. b3 Qb6 19. Kh1 Qxe3 20. Rf3 Qe5 21.
Qf1 Bd6 22. Ng3 O-O 23. Re1 Qd4 24. Re4 Qd5 25. Rh4 h6 26. Nh5 Qg5 27. Nf6+
gxf6 28. Rfh3 f5 29. Rxh6 Be5 30. g4 Nb4 31. R6h5 Qd2 32. gxf5 Rfc8 33. Qg1+
Kf8 34. fxe6 Rc1 35. exf7 Rxg1+ 36. Kxg1 Bd4+  0-1

[Event "IX Campeonato Panamericano Sub 20 Femenino"]
[Site "Asuncion _ Diario Abc Color, Yegros 745"]
[Date "2014.06.28"]
[Round "9"]
[Board "1"]
[White "Prado, Alexandra"]
[Black "Chumpitaz, Ann"]
[Result "0-1"]
[WhiteElo "1830"]
[BlackElo "2192"]
[PlyCount "104"]
[EventDate "2014.06.21"]
[EventRounds "9"]
[EventCountry "PAR"]

1. e4 e6 2. d4 d5 3. exd5 exd5 4. c4 Bb4+ 5. Nc3 Nf6 6. Nf3 O-O 7. Be2 dxc4 8.
Bxc4 Re8+ 9. Be3 Nd5 10. Qd2 Be6 11. Bd3 Nc6 12. O-O Bg4 13. Be2 Nxe3 14. fxe3
Qe7 15. Kf2 Rad8 16. Rae1 Bd6 17. g3 Bh3 18. Rg1 Bb4 19. Bf1 Bg4 20. Bg2 Rd6
21. Qc2 Rh6 22. h4 Qd6 23. a3 Bxc3 24. Qxc3 Rf6 25. Rgf1 Qd5 26. e4 Qxd4+ 27.
Qxd4 Nxd4 28. Re3 Bxf3 29. Bxf3 Nxf3 30. Rxf3 Rfe6 31. Kg2 R8e7 32. Rd1 Rxe4
33. Rb3 b6 34. Rc3 g6 35. Kf3 R4e6 36. Rdc1 Rf6+ 37. Kg2 Re2+ 38. Kg1 c5 39.
R1c2 Re4 40. Rd3 Rfe6 41. Rd7 Re7 42. Rd8+ Kg7 43. Kf2 h5 44. Rcd2 Re3 45. R8d6
Rb3 46. R6d5 Ree3 47. Rg5 Rf3+ 48. Kg2 f6 49. Rd7+ Kh6 50. Rgd5 Rxg3+ 51. Kf2
Rh3 52. Rxa7 Rxb2+  0-1

[Event "IX Campeonato Panamericano Sub 20 Femenino"]
[Site "Asuncion _ Diario Abc Color, Yegros 745"]
[Date "2014.06.28"]
[Round "9"]
[Board "2"]
[White "Monroy G., Nataly A."]
[Black "Caballero Quijano, Mitzy Mishe"]
[Result "0-1"]
[WhiteElo "1812"]
[BlackElo "1941"]
[PlyCount "72"]
[EventDate "2014.06.21"]
[EventRounds "9"]
[EventCountry "PAR"]

1. d4 d6 2. Nf3 g6 3. c4 Bg7 4. Nc3 Bg4 5. e4 Nc6 6. Be3 e5 7. d5 Nd4 8. Be2
Nxe2 9. Qxe2 Ne7 10. h3 Bd7 11. g4 f6 12. O-O-O a6 13. a3 h5 14. Nh4 Kf7 15.
gxh5 g5 16. Ng2 Qc8 17. h4 g4 18. h6 Bxh6 19. Bxh6 Rxh6 20. Ne3 Ng6 21. Rdg1
Nf4 22. Qd1 Qh8 23. Nxg4 Rxh4 24. Rxh4 Qxh4 25. f3 Rh8 26. Ne2 Qg5 27. Kc2 Nxe2
28. Qxe2 Qf4 29. Qg2 Bxg4 30. Qxg4 Rh2+ 31. Kb3 Qxg4 32. Rxg4 Rh3 33. Kb4 Rxf3
34. c5 Rf4 35. Rxf4 exf4 36. cxd6 cxd6  0-1

[Event "IX Campeonato Panamericano Sub 20 Femenino"]
[Site "Asuncion _ Diario Abc Color, Yegros 745"]
[Date "2014.06.28"]
[Round "9"]
[Board "3"]
[White "Zavala Galindo, Alejandra Beat"]
[Black "Garcia Morales, Ivette Ale"]
[Result "0-1"]
[WhiteElo "1807"]
[BlackElo "2108"]
[PlyCount "74"]
[EventDate "2014.06.21"]
[EventRounds "9"]
[EventCountry "PAR"]

1. e4 e6 2. d3 d5 3. Nd2 Nf6 4. g3 dxe4 5. dxe4 b6 6. Bg2 Bb7 7. Ne2 e5 8. O-O
Bc5 9. h3 h5 10. h4 Nbd7 11. c3 a5 12. Qc2 Ng4 13. Nb3 Qe7 14. Nxc5 Qxc5 15.
Bd2 Ba6 16. Rae1 O-O-O 17. a3 Qd6 18. c4 Nc5 19. Rd1 Qd3 20. Qxd3 Nxd3 21. b3
Nb2 22. Nc3 Nxd1 23. Rxd1 c6 24. f3 Nf6 25. Kf2 Nd7 26. Be3 Kc7 27. Na4 Nc5 28.
Rxd8 Rxd8 29. Nxc5 bxc5 30. Bxc5 Rd2+ 31. Kf1 Rb2 32. b4 Bxc4+ 33. Kg1 Rb1+ 34.
Kf2 a4 35. Bf8 g6 36. Bg7 Kd6 37. Bh3 Be6  0-1

[Event "IX Campeonato Panamericano Sub 20 Femenino"]
[Site "Asuncion _ Diario Abc Color, Yegros 745"]
[Date "2014.06.28"]
[Round "9"]
[Board "4"]
[White "Felix Vega, Aurora Edith"]
[Black "Eswaran, Ashritha"]
[Result "1-0"]
[WhiteElo "1990"]
[BlackElo "2011"]
[PlyCount "75"]
[EventDate "2014.06.21"]
[EventRounds "9"]
[EventCountry "PAR"]

1. d4 d5 2. c4 c6 3. Nc3 Nf6 4. Nf3 e6 5. Bg5 Nbd7 6. e3 Be7 7. Bd3 dxc4 8.
Bxc4 b5 9. Bd3 a6 10. O-O c5 11. Qe2 Bb7 12. dxc5 Nxc5 13. Rfd1 Qb6 14. Bc2 O-O
15. b4 Ncd7 16. Rxd7 Nxd7 17. Bxe7 Bxf3 18. Qxf3 Rfe8 19. Bb3 Rac8 20. Bc5 Nxc5
21. bxc5 Qxc5 22. Ne4 Qe5 23. Rd1 Red8 24. Rxd8+ Rxd8 25. h4 h6 26. g4 a5 27.
Ng3 a4 28. Bc2 Qd5 29. Qf4 Qxa2 30. Be4 Qa1+ 31. Kg2 Qf6 32. Qc7 a3 33. g5 a2
34. gxf6 Ra8 35. Bxa8 a1=Q 36. Qd8+ Kh7 37. Be4+ g6 38. Qe7  1-0

[Event "IX Campeonato Panamericano Sub 20 Femenino"]
[Site "Asuncion _ Diario Abc Color, Yegros 745"]
[Date "2014.06.28"]
[Round "9"]
[Board "5"]
[White "Garcia Contreras, Ana"]
[Black "Perez, Dalila"]
[Result "1-0"]
[WhiteElo "1921"]
[BlackElo "1817"]
[PlyCount "55"]
[EventDate "2014.06.21"]
[EventRounds "9"]
[EventCountry "PAR"]

1. e4 e6 2. d4 d5 3. Nd2 Nf6 4. e5 Nfd7 5. c3 c5 6. Ngf3 Nc6 7. Bd3 g6 8. O-O
Bg7 9. Qe2 cxd4 10. cxd4 Qb6 11. Qe3 O-O 12. b3 f6 13. exf6 Nxf6 14. h3 Bd7 15.
Ba3 Rfe8 16. Bc5 Qc7 17. Ne5 b6 18. Ba3 Nxd4 19. Qxd4 Ne4 20. Ndf3 Nd2 21. Rfe1
Nxf3+ 22. gxf3 a5 23. Rac1 Qb7 24. Qf4 Rf8 25. Bxf8 Rxf8 26. Qg3 Bh6 27. Nxg6
hxg6 28. Rc7  1-0

[Event "IX Campeonato Panamericano Sub 20 Femenino"]
[Site "Asuncion _ Diario Abc Color, Yegros 745"]
[Date "2014.06.28"]
[Round "9"]
[Board "6"]
[White "Vazquez Maccarini, Danitza"]
[Black "Avalos, Rosana"]
[Result "1-0"]
[WhiteElo "1948"]
[BlackElo "1514"]
[PlyCount "48"]
[EventDate "2014.06.21"]
[EventRounds "9"]
[EventCountry "PAR"]

1. e4 e5 2. Nf3 Nc6 3. Bc4 Bc5 4. c3 Nf6 5. d3 O-O 6. Nbd2 Re8 7. O-O d5 8.
exd5 Nxd5 9. Ne4 Kh8 10. Nxc5 Bg4 11. Nxb7 Qd7 12. Nc5 Qd8 13. h3 Bh5 14. Ne4
f5 15. Ng3 Bg6 16. Bb5 Qd6 17. Re1 Nf4 18. Bxf4 exf4 19. Ne2 Red8 20. Bxc6 Qxc6
21. Nxf4 Bf7 22. Ne5 Qf6 23. Nxf7+ Qxf7 24. d4 Rab8  1-0

[Event "IX Campeonato Panamericano Sub 20 Femenino"]
[Site "Asuncion _ Diario Abc Color, Yegros 745"]
[Date "2014.06.28"]
[Round "9"]
[Board "7"]
[White "Cuello, Camila"]
[Black "Bohorquez Canizares, Maria"]
[Result "1/2-1/2"]
[WhiteElo "1677"]
[BlackElo "1656"]
[PlyCount "107"]
[EventDate "2014.06.21"]
[EventRounds "9"]
[EventCountry "PAR"]

1. e4 d5 2. exd5 Qxd5 3. Nc3 Qa5 4. d4 c6 5. Bc4 Nf6 6. Bd2 Bf5 7. Nf3 e6 8.
Qe2 Bb4 9. O-O-O Nbd7 10. a3 Bxc3 11. Bxc3 Qc7 12. d5 cxd5 13. Bxd5 O-O 14. Bc4
a6 15. Ne5 Rac8 16. Bd3 Bxd3 17. Rxd3 Nd5 18. Nxd7 Qxd7 19. Qg4 f5 20. Qd4 Qc7
21. Re1 Qf4+ 22. Qxf4 Nxf4 23. Rg3 g6 24. Bd2 Rc4 25. b3 Rd4 26. Bxf4 Rxf4 27.
Re2 Re8 28. Rd3 e5 29. g3 Rg4 30. Rd7 Re4 31. Rxe4 fxe4 32. Kd2 Rf8 33. Ke2 b5
34. Rc7 Rf6 35. Rc3 Rd6 36. Re3 Rc6 37. Kd2 Rf6 38. Re2 Rf3 39. Ke1 Rc3 40. Kf1
Kf7 41. Kg2 Kf6 42. Rxe4 Rxc2 43. Kf3 Ra2 44. a4 Ra3 45. Rb4 bxa4 46. Rxa4
Rxb3+ 47. Ke2 Rb6 48. Ra2 Ke6 49. Kd3 Kd6 50. Kc4 Rc6+ 51. Kb4 Rb6+ 52. Ka5 Rc6
53. Rb2 g5 54. Rb7  1/2-1/2